OEUVRES DE MESSIRE JACQUES-BENIGNE BOSSUET. TOME XVI. LA TRADITION DEFENDUE SUR LA MATIERE DE LA COMMUNION... (Record n. 293454)
[ formato base ]
| 000 -LEADER | |
|---|---|
| fixed length control field | 01324nam a2200229Ia 4500 |
| 001 - CONTROL NUMBER | |
| control field | A085-34621 |
| 003 - CONTROL NUMBER IDENTIFIER | |
| control field | IT-CnALBA |
| 008 - FIXED-LENGTH DATA ELEMENTS--GENERAL INFORMATION | |
| fixed length control field | 170116s9999||||xx |||||||||||||| ||und|| |
| 040 ## - CATALOGING SOURCE | |
| Original cataloging agency | IT-CnALBA |
| Transcribing agency | IT-CnALBA |
| 041 ## - LANGUAGE CODE | |
| Language code of text/sound track or separate title | POLIGLOTTA |
| 999 ## - SYSTEM CONTROL NUMBERS (KOHA) | |
| Koha Dewey Subclass [OBSOLETE] | SI |
| 100 ## - MAIN ENTRY--PERSONAL NAME | |
| Personal name | BOSSUET JACQUES-BENIGNE VESCOVO DI MEAUX |
| 245 #0 - TITLE STATEMENT | |
| Title | OEUVRES DE MESSIRE JACQUES-BENIGNE BOSSUET. TOME XVI. LA TRADITION DEFENDUE SUR LA MATIERE DE LA COMMUNION... |
| 250 ## - EDITION STATEMENT | |
| Edition statement | 1a ed. |
| 260 ## - PUBLICATION, DISTRIBUTION, ETC. (IMPRINT) | |
| Place of publication, distribution, etc. | LIEGE |
| Name of publisher, distributor, etc. | LIBRAIRES (LES) ASSOCIES |
| Date of publication, distribution, etc. | 1768 [1° Ed.:1768 - Ed.Ling.Originale: 1768] |
| 300 ## - PHYSICAL DESCRIPTION | |
| Extent | 679 p. |
| 500 ## - GENERAL NOTE | |
| General note | BIBLIOTECA CANONICO CHIESA. TRADIZIONE DELLA COMUNIONE SOTTO UNA SOLA SPECIE. NECESSITÀ DELLA TRADIZIONE. CONTINUITÀ. RICHIAMO AI PROTESTANTI SULLA ACCUSA DI IDOLATRIA. CULTO DELLE IMMAGINI. SALVEZZA DI GESÙ CRISTO. TRADIZIONE. DECRETO SULLA DISCIPLINA MO |
| 501 ## - WITH NOTE | |
| With note | Società San Paolo EM - Piazza San Paolo, 14 - 12051 ALBA (CN) (non commercial uses only) ® Copyright 2017 |
| 520 ## - SUMMARY, ETC. | |
| Summary, etc. | BIBLIOTECA CANONICO CHIESA. TRADIZIONE DELLA COMUNIONE SOTTO UNA SOLA SPECIE. NECESSITÀ DELLA TRADIZIONE. CONTINUITÀ. RICHIAMO AI PROTESTANTI SULLA ACCUSA DI IDOLATRIA. CULTO DELLE IMMAGINI. SALVEZZA DI GESÙ CRISTO. TRADIZIONE. DECRETO SULLA DISCIPLINA MO |
| 650 ## - SUBJECT ADDED ENTRY--TOPICAL TERM | |
| Topical term or geographic name as entry element | RACCOLTE DI CARATTERE GEN. IN ITALIANO |
| 942 ## - ADDED ENTRY ELEMENTS (KOHA) | |
| Koha item type | LIBRO |
| 957 ## - | |
| -- | 1 |
| 999 ## - SYSTEM CONTROL NUMBERS (KOHA) | |
| -- | Copie: 1 |
| Withdrawn status | Lost status | Damaged status | Not for loan | Home library | Current library | Date acquired | Total Checkouts | Full call number | Date last seen | Price effective from | Koha item type | Public note |
|---|---|---|---|---|---|---|---|---|---|---|---|---|
| Buone Condizioni | Not For Loan | ALBA - Biblioteca | ALBA - Biblioteca | 16/01/2017 | A085-34621 | 16/01/2017 | 16/01/2017 | LIBRO | (data import: 16 gennaio 2017) - By Epidotti, Vaglietti. |